000 00613nam a2200217Ia 4500
003 OSt
005 20220928141050.0
006 a|||||r|||| 00| 0
007 ta
008 220927b |||||||| |||| 00| 0 eng d
024 _a13389
037 _cTextual
040 _aSDCL
_cSDCL
_beng
041 _2eng
_aeng
082 _aD6,8(B)0bX:8, K9
100 _aBlumenthal Sherman C
_9498868
245 0 _aManagement information systems
_b A frame work for planning and development
260 _c1969
942 _hD6,8(B)0bX:8, K9
_cTEXL
_2CC
999 _c815798
_d815798